| 000 | 00509nam a22001937a 4500 | ||
|---|---|---|---|
| 999 |
_c3419 _d3419 |
||
| 003 | URS | ||
| 005 | 20220114142508.0 | ||
| 008 | 200106s2003 ph |||| |||| 00| 0 eng d | ||
| 020 | _a9712713490 | ||
| 040 |
_cURS _beng _drda |
||
| 050 | 1 | 4 |
_aPN 6081 _b.A173 2003 |
| 100 | _aAcebes,Rodolfo M. | ||
| 245 | 1 | 2 |
_aA handbook of quotations _cRodolfo M. Acebes |
| 260 |
_aPasig City: _bAnvil Publishing; _c[2003] |
||
| 300 |
_a111 pages _c17 cm |
||
| 504 | _aIncludes Index | ||
| 650 | _aQuotations | ||
| 942 |
_2lcc _cREF |
||